000 00483nab a2200145Ia 4500
003 ES-SlBCS
005 20210601131744.0
008 140529s1929 xxu||||| |||| 00| 0 fre d
041 _afre
100 1 _aEisler, Robert
_9188629
245 0 0 _aM. G. Bardy et les recherches récentes concernant le témoignage de Josèphe sur Jésus
_c Robert Eisler
600 1 4 _aBardy, M. G.
_9188630
773 0 _tVie Intelectuelle (La)
_gvol. 2, nº. 9, 1929, págs. 1152-1160
_wRev907
942 _cAR
999 _c568261
_d568261